[Event "Serbia ch 2008"]
[Site "Mataruska Banja SRB"]
[Date "2008.03.21"]
[Round "7.2"]
[White "Vuckovic, Bojan"]
[Black "Damljanovic, Branko"]
[Result "1-0"]
[WhiteElo "2556"]
[BlackElo "2582"]
[PlyCount "75"]
[EventDate "2008.03.15"]
[EventType "tourn"]
[EventRounds "13"]
[EventCategory "12"]
[Source "lmi"]
[SourceDate "2008.03.15"]

1. e4 c5 2. Nf3 e6 3. d4 cxd4 4. Nxd4 Nc6 5. Nc3 Qc7 6. Be3 Nf6 7. f4 Bb4 8.
Ndb5 Qa5 9. e5 Nd5 10. Bd2 Nxc3 11. bxc3 Be7 12. c4 Qd8 13. Bd3 d6 14. O-O a6
15. Nxd6+ Bxd6 16. exd6 Qxd6 17. Kh1 Qc5 18. Rb1 O-O 19. Bc3 f5 20. Rf3 Rf7 21.
Be2 e5 22. fxe5 Qe7 23. Rd3 Be6 24. Rd6 Re8 25. Bf3 Qf8 26. Bxc6 bxc6 27. Bb4
c5 28. Bxc5 Qe7 29. Qd4 Qc7 30. Rxe6 Rxe6 31. Bd6 Qd7 32. Qd5 h6 33. c5 Re8 34.
c6 Qa7 35. c7 Qf2 36. h3 Qxc2 37. Rb8 Kh7 38. Rxe8 1-0

[Event "Serbia ch 2008"]
[Site "Mataruska Banja SRB"]
[Date "2008.03.21"]
[Round "7.6"]
[White "Leskur, Dejan"]
[Black "Velickovic, Sasa"]
[Result "0-1"]
[WhiteElo "2468"]
[BlackElo "2401"]
[PlyCount "120"]
[EventDate "2008.03.15"]
[EventType "tourn"]
[EventRounds "13"]
[EventCategory "12"]
[Source "lmi"]
[SourceDate "2008.03.15"]

1. d4 c5 2. dxc5 Qa5+ 3. Nd2 Nf6 4. Ngf3 g6 5. a3 Qxc5 6. b4 Qc3 7. Rb1 Bg7 8.
Bb2 Qc6 9. c4 O-O 10. e3 b6 11. Nd4 Qc7 12. Be2 Bb7 13. O-O d6 14. Qb3 Nbd7 15.
Rbc1 Rac8 16. Rfd1 Qb8 17. Bf1 a6 18. h3 Rc7 19. Qa2 Rfc8 20. N4b3 Qa8 21. Qa1
h5 22. a4 a5 23. bxa5 bxa5 24. Bc3 Nc5 25. Nxa5 Nfd7 26. Nxb7 Bxc3 27. Rxc3
Rxb7 28. a5 Ra7 29. Ra3 Nb7 30. c5 Nbxc5 31. Nf3 Nb8 32. Nd4 Nc6 33. Nxc6 Qxc6
34. Rb1 Qc7 35. Qc3 Rca8 36. Rba1 Rb8 37. a6 Qb6 38. h4 Qb4 39. Qd4 Qb2 40.
R3a2 Qb6 41. g3 Qc6 42. Rb2 Qc7 43. Rxb8+ Qxb8 44. Ra2 Qc7 45. Bc4 Nd7 46. Qd5
Ne5 47. Be2 Qc1+ 48. Kh2 Qc7 49. Rb2 Nd7 50. Bc4 e6 51. Qd4 Ne5 52. Be2 Rxa6
53. f4 Ng4+ 54. Bxg4 hxg4 55. h5 gxh5 56. f5 Rc6 57. Qd2 exf5 58. e4 f4 59.
gxf4 Qe7 60. Qd3 Qf6 0-1

[Event "Serbia ch 2008"]
[Site "Mataruska Banja SRB"]
[Date "2008.03.21"]
[Round "7.7"]
[White "Ivanisevic, Ivan"]
[Black "Drazic, Sinisa"]
[Result "1-0"]
[WhiteElo "2649"]
[BlackElo "2489"]
[PlyCount "127"]
[EventDate "2008.03.15"]
[EventType "tourn"]
[EventRounds "13"]
[EventCategory "12"]
[Source "lmi"]
[SourceDate "2008.03.15"]

1. d4 d5 2. c4 c6 3. Nf3 Nf6 4. Nc3 a6 5. g3 Bf5 6. Bg2 e6 7. O-O h6 8. Qb3 Ra7
9. Ne5 Be7 10. Bf4 O-O 11. Rac1 Nbd7 12. Rfd1 g5 13. cxd5 exd5 14. Be3 Qb6 15.
Qxb6 Nxb6 16. f3 Raa8 17. Bf2 Rad8 18. h3 Bh7 19. Nd3 Bxd3 20. Rxd3 Ne8 21. e4
Nc7 22. Nd1 f5 23. Ne3 fxe4 24. fxe4 dxe4 25. Bxe4 Rf6 26. Nf5 Bf8 27. Rf3 Nb5
28. Re1 Nc4 29. Bc2 Kh8 30. g4 Ncd6 31. a4 Nc7 32. Bg3 Kg8 33. Be5 Re6 34. Ref1
Nd5 35. Nxd6 Bxd6 36. Bh7+ Kxh7 37. Rf7+ Kg8 38. Rg7+ Kh8 39. Rd7+ Bxe5 40.
Rxd8+ Kg7 41. Rd7+ Kg6 42. dxe5 Rxe5 43. Rxb7 h5 44. Rc1 Re6 45. Ra7 Nf4 46.
Kf1 Rf6 47. Rc4 Nxh3+ 48. Ke1 Re6+ 49. Kd2 hxg4 50. Rxg4 Nf2 51. Rb4 g4 52. Rb8
Kg5 53. Rg8+ Kh4 54. Rxa6 Ne4+ 55. Kc2 g3 56. Rb6 Kh3 57. Rb3 Kg2 58. Re3 Ng5
59. Rxg3+ Kxg3 60. Rxg5+ Kf4 61. Rc5 Ke4 62. Kc3 Rd6 63. a5 Rd1 64. Kb4 1-0

[Event "Serbia ch 2008"]
[Site "Mataruska Banja SRB"]
[Date "2008.03.23"]
[Round "8.2"]
[White "Velickovic, Sasa"]
[Black "Ivanisevic, Ivan"]
[Result "1/2-1/2"]
[WhiteElo "2401"]
[BlackElo "2649"]
[PlyCount "77"]
[EventDate "2008.03.15"]
[EventType "tourn"]
[EventRounds "13"]
[EventCategory "12"]
[Source "lmi"]
[SourceDate "2008.03.15"]

1. e4 c5 2. b3 d6 3. Bb2 Nf6 4. Nc3 Nc6 5. f4 g6 6. Nd5 Bg7 7. Nxf6+ exf6 8.
Bb5 O-O 9. Bxc6 bxc6 10. Qf3 Re8 11. Ne2 f5 12. Bxg7 Kxg7 13. exf5 Qh4+ 14. Qf2
Qh5 15. Qf3 Bxf5 16. Qxh5 gxh5 17. Kf2 Bxc2 18. Nc3 Re6 19. Rhe1 Rae8 20. Re3
Kf6 21. Rc1 Bf5 22. Ne2 h4 23. b4 cxb4 24. Rxc6 Rc8 25. Nd4 Rxc6 26. Nxc6 Re4
27. Rxe4 Bxe4 28. Nxb4 a5 29. d3 Bxg2 30. Nc2 Bd5 31. a3 Ke7 32. Ke3 Kd7 33.
Kd4 Kc6 34. Ne3 Be6 35. Kc3 Kc5 36. d4+ Kc6 37. Kb2 h6 38. Kc3 Kb5 39. Kb2
1/2-1/2

[Event "Serbia ch 2008"]
[Site "Mataruska Banja SRB"]
[Date "2008.03.23"]
[Round "8.3"]
[White "Pikula, Dejan"]
[Black "Leskur, Dejan"]
[Result "1-0"]
[WhiteElo "2524"]
[BlackElo "2468"]
[PlyCount "177"]
[EventDate "2008.03.15"]
[EventType "tourn"]
[EventRounds "13"]
[EventCategory "12"]
[Source "lmi"]
[SourceDate "2008.03.15"]

1. e4 d6 2. d4 Nf6 3. Nc3 g6 4. Be3 c6 5. Qd2 Nbd7 6. Nf3 Bg7 7. h3 O-O 8. Bd3
Qc7 9. O-O b5 10. a4 b4 11. Ne2 a5 12. Ng3 c5 13. c3 bxc3 14. bxc3 Ba6 15. Bxa6
Rxa6 16. Bh6 Rb6 17. Bxg7 Kxg7 18. Qg5 Kh8 19. e5 dxe5 20. dxe5 Ng8 21. Rfe1 f6
22. exf6 exf6 23. Qh4 Rd6 24. Rab1 Rb6 25. Rbd1 Rb2 26. Re6 Rb6 27. Re2 Rfb8
28. Red2 Rb1 29. Ne4 Ne5 30. Qf4 Nxf3+ 31. Qxf3 Qe5 32. g3 Rxd1+ 33. Rxd1 Re8
34. Nd6 Re7 35. Kg2 Rd7 36. Nc4 Qe6 37. Nxa5 Ra7 38. Nb7 Qe7 39. Nd6 Rxa4 40.
Qd5 Qc7 41. Nf7+ Kg7 42. Nd8 Kh8 43. Re1 Ra7 44. Re8 Qg7 45. Nc6 Rc7 46. Nb8 c4
47. Qd8 Rb7 48. Nc6 h5 49. Qc8 Rf7 50. Nd4 Re7 51. Rxe7 Qxe7 52. Qxc4 Qe4+ 53.
Kh2 h4 54. gxh4 Qxh4 55. Qe2 Qf4+ 56. Kg2 Qd6 57. Qe4 Kg7 58. c4 Ne7 59. c5 Qd7
60. c6 Qd6 61. c7 Nc8 62. Ne6+ Kf7 63. Nd8+ Kg7 64. Qc4 f5 65. Ne6+ Kf6 66. Nf4
g5 67. Nd5+ Kg6 68. Ne3 Qd7 69. Qg8+ Kf6 70. Qd8+ Ke6 71. Kg1 f4 72. Ng4 Ne7
73. Kh2 Qc6 74. Ne5 Qc5 75. Nd3 Qc2 76. h4 gxh4 77. Nxf4+ Kf7 78. Nd3 Ke6 79.
Nf4+ Kf7 80. Nh3 Qc5 81. Qd7 Qe5+ 82. Kg2 Qe4+ 83. Kf1 Qc4+ 84. Kg1 Qc1+ 85.
Kg2 Qc5 86. Nf4 Qc4 87. Nd5 Qe4+ 88. Kh2 Qe5+ 89. Kh3 1-0

[Event "Serbia ch 2008"]
[Site "Mataruska Banja SRB"]
[Date "2008.03.23"]
[Round "8.4"]
[White "Bogosavljevic, Boban"]
[Black "Pavlovic, Milos M"]
[Result "0-1"]
[WhiteElo "2492"]
[BlackElo "2457"]
[PlyCount "88"]
[EventDate "2008.03.15"]
[EventType "tourn"]
[EventRounds "13"]
[EventCategory "12"]
[Source "lmi"]
[SourceDate "2008.03.15"]

1. Nf3 Nf6 2. c4 e6 3. g3 d5 4. Bg2 dxc4 5. Na3 Bxa3 6. Qa4+ b5 7. Qxa3 Bb7 8.
b3 cxb3 9. Qxb3 Qd5 10. Qe3 c5 11. Bb2 Nc6 12. Nh4 Qd7 13. Qxc5 Ne7 14. Nf3 Ne4
15. Qe5 f6 16. Qh5+ Ng6 17. O-O O-O 18. d3 Nd6 19. Ba3 a6 20. Bxd6 Qxd6 21. Ng5
fxg5 22. Bxb7 Ra7 23. Be4 Qe5 24. e3 Rc7 25. Qg4 Qf6 26. d4 Rc3 27. Qe2 Qe7 28.
a4 Rb8 29. Rfb1 Qe8 30. axb5 axb5 31. Ra7 b4 32. Qg4 b3 33. Rb2 Rc1+ 34. Kg2
Qb5 35. Qxe6+ Kh8 36. Kh3 Qf1+ 37. Bg2 Qd1 38. Qg4 Qd3 39. Qe4 Qc3 40. Qb7 g4+
41. Kxg4 h5+ 42. Kg5 Rxb7 43. Rxb7 Qxb2 44. Be4 Nf8 0-1

[Event "Serbia ch 2008"]
[Site "Mataruska Banja SRB"]
[Date "2008.03.24"]
[Round "9.1"]
[White "Vuckovic, Bojan"]
[Black "Perunovic, Milos"]
[Result "1/2-1/2"]
[WhiteElo "2556"]
[BlackElo "2570"]
[PlyCount "91"]
[EventDate "2008.03.15"]
[EventType "tourn"]
[EventRounds "13"]
[EventCategory "12"]
[Source "lmi"]
[SourceDate "2008.03.15"]

1. e4 c5 2. Nf3 Nc6 3. d4 cxd4 4. Nxd4 Nf6 5. Nc3 d6 6. Bg5 e6 7. Qd2 Be7 8.
O-O-O Nxd4 9. Qxd4 O-O 10. f4 Qa5 11. Bc4 Bd7 12. e5 dxe5 13. fxe5 Bc6 14. Bd2
Nd7 15. Nd5 Qd8 16. Nxe7+ Qxe7 17. Rhe1 Nb6 18. Bf1 Rfd8 19. Qg4 Rac8 20. Kb1
Qc5 21. Be3 Qxc2+ 22. Kxc2 Bf3+ 23. Qc4 Rxc4+ 24. Bxc4 Rxd1 25. Rxd1 Bxd1+ 26.
Kc3 Ba4 27. Bxb6 axb6 28. g3 Kf8 29. a3 Ke7 30. Kd4 g5 31. Bd3 h6 32. Be2 Bc6
33. Bd1 Bd5 34. Be2 f6 35. Bd3 Kf7 36. Bc2 Bc6 37. Bd3 f5 38. Ke3 Kg6 39. Bc2
Bd5 40. Bd3 Bb3 41. Kf3 Kh5 42. Be2 Kg6 43. Bd3 h5 44. h4 Kh6 45. Ke3 Bd5 46.
Bc2 1/2-1/2

[Event "Serbia ch 2008"]
[Site "Mataruska Banja SRB"]
[Date "2008.03.24"]
[Round "9.3"]
[White "Markus, Robert"]
[Black "Damljanovic, Branko"]
[Result "0-1"]
[WhiteElo "2575"]
[BlackElo "2582"]
[PlyCount "74"]
[EventDate "2008.03.15"]
[EventType "tourn"]
[EventRounds "13"]
[EventCategory "12"]
[Source "lmi"]
[SourceDate "2008.03.15"]

1. d4 Nf6 2. c4 g6 3. Nc3 Bg7 4. e4 d6 5. Nf3 O-O 6. Be2 c5 7. O-O Nc6 8. d5
Na5 9. Bg5 h6 10. Bf4 Nh5 11. Be3 e5 12. dxe6 Bxe6 13. Qc1 Kh7 14. Rd1 b6 15.
e5 Nxc4 16. Bxc4 Bxc4 17. Rxd6 Qe7 18. Nd5 Bxd5 19. Rxd5 f5 20. Qc2 f4 21. Rd6
Qf7 22. Nh4 fxe3 23. fxe3 Rae8 24. Rad1 Nf6 25. exf6 Bxf6 26. Rf1 Qg7 27. Nf5
Qc7 28. Qd3 Rd8 29. Rd1 Rxd6 30. Nxd6 Bxb2 31. h4 Be5 32. Nc4 Bg7 33. Nd6 Qe7
34. h5 Qg5 35. Qe4 Qxh5 36. Rd5 Qe2 37. Kh2 Rf1 0-1

[Event "Serbia ch 2008"]
[Site "Mataruska Banja SRB"]
[Date "2008.03.24"]
[Round "9.4"]
[White "Pavlovic, Milos M"]
[Black "Miladinovic, Igor"]
[Result "1/2-1/2"]
[WhiteElo "2457"]
[BlackElo "2604"]
[PlyCount "43"]
[EventDate "2008.03.15"]
[EventType "tourn"]
[EventRounds "13"]
[EventCategory "12"]
[Source "lmi"]
[SourceDate "2008.03.15"]

1. d4 d5 2. c4 e6 3. Nf3 a6 4. cxd5 exd5 5. Bf4 Bd6 6. Bxd6 Qxd6 7. Nc3 Nf6 8.
e3 O-O 9. Qc2 c5 10. dxc5 Qxc5 11. Be2 Nc6 12. O-O Be6 13. Rfd1 Rac8 14. Rac1
Qe7 15. Qa4 h6 16. Qf4 Nh5 17. Qh4 Nf6 18. Qf4 Nh5 19. Qh4 Nf6 20. Nd4 Qb4 21.
Nf3 Qe7 22. a3 1/2-1/2

[Event "Serbia ch 2008"]
[Site "Mataruska Banja SRB"]
[Date "2008.03.24"]
[Round "9.7"]
[White "Drazic, Sinisa"]
[Black "Velickovic, Sasa"]
[Result "1-0"]
[WhiteElo "2489"]
[BlackElo "2401"]
[PlyCount "223"]
[EventDate "2008.03.15"]
[EventType "tourn"]
[EventRounds "13"]
[EventCategory "12"]
[Source "lmi"]
[SourceDate "2008.03.15"]

1. d4 Nf6 2. c4 c5 3. d5 g6 4. Nc3 Bg7 5. e4 d6 6. Bd3 O-O 7. Nge2 e6 8. O-O
exd5 9. cxd5 a6 10. a4 Nbd7 11. Ng3 Rb8 12. Bf4 Qe7 13. Qd2 Re8 14. h3 h5 15.
Bg5 Qf8 16. f4 Nh7 17. Bh4 Bd4+ 18. Kh1 Qh6 19. Rad1 Ndf8 20. Nge2 Bh8 21. Rb1
Nd7 22. Qe1 Bf6 23. Bg3 h4 24. Bh2 Bg7 25. Qf2 b6 26. e5 dxe5 27. fxe5 Rf8 28.
Bf4 g5 29. e6 fxe6 30. dxe6 Qxe6 31. Qe3 Qxe3 32. Bxe3 Ndf6 33. b4 Re8 34. Bg1
cxb4 35. Rxb4 Rd8 36. Bc4+ Kh8 37. Bh2 Ra8 38. Rxb6 a5 39. Be5 Rf8 40. Nd4 Nd7
41. Bxg7+ Kxg7 42. Ne6+ Kh8 43. Rb5 Rxf1+ 44. Bxf1 g4 45. hxg4 Ndf6 46. Nf4
Bxg4 47. Ng6+ Kg7 48. Nxh4 Rc8 49. Rb3 Ng5 50. Kg1 Nfe4 51. Nxe4 Nxe4 52. Re3
Nf6 53. Re5 Rc1 54. Rg5+ Kf7 55. Nf3 Ke6 56. Rxa5 Ra1 57. Nd4+ Kd6 58. Nb3 Ra2
59. Ra6+ Ke5 60. Nc5 Nd5 61. Bb5 Ne3 62. Nd3+ Kd4 63. Rd6+ Kc3 64. Nf2 Bf5 65.
Nd1+ Nxd1 66. Rxd1 Be4 67. Rc1+ Kd4 68. Bf1 Rxa4 69. Kf2 Ke5 70. Rc5+ Kf6 71.
Ke3 Bb7 72. g3 Ra3+ 73. Bd3 Ra4 74. Rf5+ Ke6 75. Rg5 Bd5 76. g4 Rb4 77. Rg7 Kf6
78. Rg6+ Kf7 79. Rd6 Be6 80. g5 Rg4 81. g6+ Kf6 82. Kf3 Ra4 83. g7 Kxg7 84.
Rxe6 Ra3 85. Rd6 Kf7 86. Kf4 Ke7 87. Rd4 Ra5 88. Bf5 Ra7 89. Rd5 Kf7 90. Rb5
Rc7 91. Rb6 Ra7 92. Be6+ Kg7 93. Kg5 Rc7 94. Bd5 Rd7 95. Bb3 Rc7 96. Rb5 Ra7
97. Kf5 Rc7 98. Be6 Ra7 99. Ke5 Rc7 100. Rb8 Rc5+ 101. Bd5 Ra5 102. Rg8+ Kh7
103. Rg1 Rb5 104. Ke6 Rb6+ 105. Kf7 Kh6 106. Be6 Kh5 107. Kf6 Kh4 108. Rg4+ Kh5
109. Re4 Ra6 110. Rb4 Rd6 111. Rb8 Kh4 112. Rb3 1-0

[Event "Serbia ch 2008"]
[Site "Mataruska Banja SRB"]
[Date "2008.03.25"]
[Round "10.1"]
[White "Perunovic, Milos"]
[Black "Velickovic, Sasa"]
[Result "1-0"]
[WhiteElo "2570"]
[BlackElo "2401"]
[PlyCount "59"]
[EventDate "2008.03.15"]
[EventType "tourn"]
[EventRounds "13"]
[EventCategory "12"]
[Source "lmi"]
[SourceDate "2008.03.15"]

1. e4 c5 2. Nf3 d6 3. d4 cxd4 4. Nxd4 Nf6 5. Nc3 a6 6. Be3 Nc6 7. f3 e6 8. Qd2
Qc7 9. O-O-O Nd7 10. h4 Nxd4 11. Bxd4 b5 12. Kb1 Bb7 13. Bd3 Rc8 14. f4 b4 15.
Ne2 a5 16. b3 Be7 17. Bxg7 Rg8 18. Bb2 Rxg2 19. Rhg1 Rxg1 20. Rxg1 Nc5 21. Nd4
Nxd3 22. Qxd3 Qc5 23. Rg8+ Kd7 24. Rg7 Qh5 25. f5 Qxh4 26. Rxf7 Ke8 27. fxe6
Qxe4 28. Nf5 Bf8 29. Rxf8+ Kxf8 30. Qxd6+ 1-0

[Event "Serbia ch 2008"]
[Site "Mataruska Banja SRB"]
[Date "2008.03.25"]
[Round "10.2"]
[White "Pikula, Dejan"]
[Black "Drazic, Sinisa"]
[Result "1-0"]
[WhiteElo "2524"]
[BlackElo "2489"]
[PlyCount "87"]
[EventDate "2008.03.15"]
[EventType "tourn"]
[EventRounds "13"]
[EventCategory "12"]
[Source "lmi"]
[SourceDate "2008.03.15"]

1. e4 e6 2. d4 d5 3. Nc3 h6 4. Nf3 Nf6 5. Bd3 c5 6. exd5 exd5 7. Bb5+ Bd7 8.
O-O Bxb5 9. Nxb5 a6 10. Nc3 cxd4 11. Nxd4 Bc5 12. Re1+ Kf8 13. Be3 Nbd7 14. Nf5
Bxe3 15. Rxe3 Nc5 16. Qd4 Ne6 17. Qb4+ Kg8 18. Rd1 a5 19. Qxb7 Rb8 20. Qa7 Ra8
21. Qe7 Qb6 22. Rg3 Nh5 23. Nxd5 Qxb2 24. Rh3 Nhf4 25. Nxf4 Nxf4 26. Rg3 Ng6
27. Qe4 Kh7 28. h4 Rhe8 29. Qg4 Rad8 30. Rxd8 Rxd8 31. h5 Qf6 32. hxg6+ fxg6
33. Nh4 Qa1+ 34. Kh2 g5 35. Qe4+ Kg8 36. Nf5 Kh8 37. Re3 Qxa2 38. Qe5 Qf7 39.
Nxh6 Qf4+ 40. Qxf4 gxf4 41. Nf7+ Kg8 42. Nxd8 fxe3 43. fxe3 a4 44. Nc6 1-0

[Event "Serbia ch 2008"]
[Site "Mataruska Banja SRB"]
[Date "2008.03.25"]
[Round "10.5"]
[White "Damljanovic, Branko"]
[Black "Pavlovic, Milos M"]
[Result "1/2-1/2"]
[WhiteElo "2582"]
[BlackElo "2457"]
[PlyCount "212"]
[EventDate "2008.03.15"]
[EventType "tourn"]
[EventRounds "13"]
[EventCategory "12"]
[Source "lmi"]
[SourceDate "2008.03.15"]

1. e4 e5 2. Nf3 Nc6 3. Bb5 a6 4. Ba4 Nf6 5. O-O Nxe4 6. d4 b5 7. Bb3 d5 8. dxe5
Be6 9. Be3 Be7 10. c3 O-O 11. Nbd2 Qd7 12. Nxe4 dxe4 13. Qxd7 Bxd7 14. e6 Bxe6
15. Bxe6 fxe6 16. Nd2 Ne5 17. Nxe4 Nc4 18. Bc1 Rf5 19. Re1 Rd5 20. b3 Na3 21.
Bxa3 Bxa3 22. Kf1 Be7 23. Rac1 Kf7 24. f3 h6 25. Ke2 Ke8 26. Rc2 Rh5 27. h3 Rd5
28. Ra1 Rb8 29. c4 Rd7 30. cxb5 axb5 31. a4 bxa4 32. bxa4 c5 33. Raa2 Ra7 34.
Nxc5 Rc8 35. Nxe6 Rxc2+ 36. Rxc2 Kf7 37. Nd4 Rxa4 38. Nf5 Bf6 39. Nd6+ Kg6 40.
Ne4 Ra6 41. Rd2 Be5 42. g3 Kf5 43. Kf2 Ra3 44. Kg2 h5 45. Re2 Bb8 46. h4 Be5
47. Rc2 Ra5 48. Rc4 Ra2+ 49. Kh3 Ra3 50. Ng5 Bf6 51. Rc5+ Kg6 52. Ne6 Rxf3 53.
Nf4+ Kh7 54. Rxh5+ Kg8 55. Kg4 Ra3 56. Rd5 Re3 57. Nd3 Kf7 58. Kf4 Re8 59. Kf3
Ra8 60. Nf4 Ra7 61. h5 Ra3+ 62. Kg4 Re3 63. Ng6 Ke6 64. Ra5 Rb3 65. Nf4+ Kf7
66. Ra7+ Kf8 67. Ng6+ Ke8 68. Ra4 Rb5 69. Re4+ Kf7 70. Nf4 Rg5+ 71. Kf3 Be5 72.
g4 Bxf4 73. Rxf4+ Ke6 74. Kg3 Ra5 75. Kh4 Rb5 76. Rf8 Ra5 77. Kg3 Rb5 78. Kf4
Ra5 79. Kg3 Rb5 80. Kh4 Ra5 81. Rf4 Rb5 82. g5 Rb1 83. Rf3 Rg1 84. h6 gxh6 85.
gxh6 Rh1+ 86. Kg5 Rg1+ 87. Kh5 Rh1+ 88. Kg6 Rg1+ 89. Kh7 Rg2 90. Rf8 Ke7 91.
Rg8 Rh2 92. Rg1 Kf8 93. Rf1+ Ke7 94. Kg7 Rg2+ 95. Kh8 Rh2 96. Kh7 Rg2 97. Ra1
Kf8 98. Ra8+ Kf7 99. Ra7+ Kf8 100. Rg7 Ra2 101. Kh8 Rh2 102. Kh7 Rh1 103. Rg8+
Kf7 104. Rg7+ Kf8 105. Rg4 Kf7 106. Rf4+ Ke7 1/2-1/2

[Event "Serbia ch 2008"]
[Site "Mataruska Banja SRB"]
[Date "2008.03.25"]
[Round "10.6"]
[White "Sedlak, Nikola"]
[Black "Markus, Robert"]
[Result "1/2-1/2"]
[WhiteElo "2568"]
[BlackElo "2575"]
[PlyCount "51"]
[EventDate "2008.03.15"]
[EventType "tourn"]
[EventRounds "13"]
[EventCategory "12"]
[Source "lmi"]
[SourceDate "2008.03.15"]

1. e4 c5 2. Nf3 e6 3. d4 cxd4 4. Nxd4 a6 5. Bd3 Nf6 6. O-O d6 7. c4 b6 8. Nc3
Bb7 9. f4 Be7 10. b3 O-O 11. Bb2 Nc6 12. Nxc6 Bxc6 13. Qe2 Nd7 14. Rad1 Bb7 15.
e5 dxe5 16. fxe5 Qc7 17. Bxh7+ Kxh7 18. Qd3+ Kg8 19. Qxd7 Qc5+ 20. Kh1 Bc6 21.
Na4 Bxd7 22. Nxc5 Bc6 23. Nd7 Rfd8 24. Nxb6 Rab8 25. c5 Bxc5 26. Nc4 1/2-1/2

[Event "Serbia ch 2008"]
[Site "Mataruska Banja SRB"]
[Date "2008.03.26"]
[Round "11.2"]
[White "Markus, Robert"]
[Black "Vuckovic, Bojan"]
[Result "0-1"]
[WhiteElo "2575"]
[BlackElo "2556"]
[PlyCount "80"]
[EventDate "2008.03.15"]
[EventType "tourn"]
[EventRounds "13"]
[EventCategory "12"]
[Source "lmi"]
[SourceDate "2008.03.15"]

1. Nf3 c5 2. c4 Nf6 3. g3 b6 4. Bg2 Bb7 5. O-O e6 6. b3 Be7 7. Bb2 O-O 8. e3 d6
9. Nc3 Nbd7 10. Qe2 a6 11. Ne1 Qb8 12. f4 Re8 13. g4 d5 14. d3 dxc4 15. bxc4
Nf8 16. a4 N6d7 17. Nf3 Bc6 18. g5 Qc7 19. Ne4 b5 20. axb5 axb5 21. cxb5 Bxb5
22. Bxg7 Bxd3 23. Qxd3 Kxg7 24. Rxa8 Rxa8 25. f5 Kg8 26. f6 c4 27. Qc3 Bc5 28.
Nf2 Ra3 29. Qxc4 Ne5 30. Nxe5 Qxe5 31. Kh1 Bxe3 32. Ng4 Qxg5 33. Bf3 Kh8 34.
Qc7 Ra7 35. Qb8 Bc5 36. Nf2 Qxf6 37. Ne4 Qd4 38. Qc8 Ra1 39. Rxa1 Qxa1+ 40. Kg2
Qg7+ 0-1

[Event "Serbia ch 2008"]
[Site "Mataruska Banja SRB"]
[Date "2008.03.26"]
[Round "11.6"]
[White "Drazic, Sinisa"]
[Black "Bogosavljevic, Boban"]
[Result "0-1"]
[WhiteElo "2489"]
[BlackElo "2492"]
[PlyCount "128"]
[EventDate "2008.03.15"]
[EventType "tourn"]
[EventRounds "13"]
[EventCategory "12"]
[Source "lmi"]
[SourceDate "2008.03.15"]

1. Nf3 Nf6 2. c4 c6 3. Nc3 d5 4. cxd5 cxd5 5. d4 Nc6 6. Bf4 a6 7. Rc1 Bf5 8. e3
e6 9. Be2 Be7 10. h3 O-O 11. O-O Rc8 12. Ne5 Nxe5 13. Bxe5 Nd7 14. Bg3 b5 15.
Bd3 Bxd3 16. Qxd3 Qa5 17. a3 Nb6 18. Rc2 Nc4 19. Nb1 Qb6 20. Nd2 Rc6 21. Nf3
Rfc8 22. Qe2 a5 23. Rfc1 a4 24. Ne5 Nxe5 25. Bxe5 Rxc2 26. Rxc2 Rc4 27. g4 Qc6
28. Rxc4 bxc4 29. e4 dxe4 30. Qc2 f6 31. Bf4 Kf7 32. Bd2 h6 33. Kf1 Qb5 34. Bc3
Qc6 35. Ke2 Bd6 36. Qd2 Qd5 37. Qc2 Qc6 38. Qd2 h5 39. Qd1 h4 40. Qd2 Qd5 41.
Qc2 Qc6 42. Qd2 Bb8 43. Qc1 Qd6 44. Qh1 Qc6 45. Qc1 Qd5 46. Qd1 Qb5 47. Qd2 Kg6
48. Qc1 f5 49. Qh1 Qd5 50. gxf5+ Qxf5 51. Qg2+ Kf7 52. Bd2 Qh5+ 53. Ke3 Qh6+
54. Ke2 Bf4 55. Be3 Bxe3 56. fxe3 Qh5+ 57. Kd2 Qf5 58. Qh2 Qf3 59. Qc7+ Kg6 60.
Qxc4 Qxh3 61. Qxa4 Qh2+ 62. Ke1 Qg1+ 63. Ke2 Qg4+ 64. Kf2 h3 0-1

[Event "Serbia ch 2008"]
[Site "Mataruska Banja SRB"]
[Date "2008.03.27"]
[Round "12.2"]
[White "Bogosavljevic, Boban"]
[Black "Velickovic, Sasa"]
[Result "1-0"]
[WhiteElo "2492"]
[BlackElo "2401"]
[PlyCount "80"]
[EventDate "2008.03.15"]
[EventType "tourn"]
[EventRounds "13"]
[EventCategory "12"]
[Source "lmi"]
[SourceDate "2008.03.15"]

1. Nf3 c5 2. c4 g6 3. d4 Bg7 4. Nc3 Nf6 5. g3 O-O 6. Bg2 d6 7. O-O Na6 8. b3
cxd4 9. Nxd4 Nc5 10. Bb2 a5 11. Rc1 Qb6 12. Ndb5 Bd7 13. Qd2 Bc6 14. Qe3 Rfe8
15. h3 h5 16. Ba3 Bxg2 17. Kxg2 Qc6+ 18. Qf3 Na6 19. Rfd1 Bh6 20. e3 Qxf3+ 21.
Kxf3 Bg7 22. Na4 Red8 23. Nb6 Rab8 24. Rc2 Nh7 25. Ke2 Ng5 26. f4 Ne4 27. Nd5
Re8 28. Kf3 f5 29. Nbc3 Nxc3 30. Nxc3 b6 31. e4 Bxc3 32. Rxc3 fxe4+ 33. Kxe4
Nc5+ 34. Kf3 Kf7 35. Re3 Nd7 36. Bb2 a4 37. Rd5 axb3 38. axb3 Nf6 39. Rb5 Nd7
40. Rg5 b5 1-0

[Event "Serbia ch 2008"]
[Site "Mataruska Banja SRB"]
[Date "2008.03.27"]
[Round "12.3"]
[White "Miladinovic, Igor"]
[Black "Drazic, Sinisa"]
[Result "0-1"]
[WhiteElo "2604"]
[BlackElo "2489"]
[PlyCount "128"]
[EventDate "2008.03.15"]
[EventType "tourn"]
[EventRounds "13"]
[EventCategory "12"]
[Source "lmi"]
[SourceDate "2008.03.15"]

1. d4 c6 2. Nf3 d5 3. Bf4 Qb6 4. b3 Nf6 5. e3 Bg4 6. Be2 e6 7. h3 Bxf3 8. Bxf3
c5 9. O-O Nc6 10. c3 Rc8 11. Nd2 cxd4 12. exd4 Ba3 13. Qe2 O-O 14. Rad1 a5 15.
Nb1 Be7 16. Qd3 Rfd8 17. Rfe1 h6 18. g4 Bd6 19. Bxd6 Rxd6 20. Bg2 a4 21. b4 Ne7
22. f4 Qc7 23. f5 exf5 24. gxf5 Rdd8 25. Re3 Re8 26. Nd2 Qd7 27. Rf1 Rcd8 28.
Rf2 Kf8 29. a3 b6 30. Nf1 Kg8 31. Rg3 Rc8 32. Ne3 Kf8 33. Ng4 Nxg4 34. hxg4 Ng8
35. g5 hxg5 36. Rxg5 Re1+ 37. Bf1 Qc7 38. f6 Nxf6 39. Qh3 Qxc3 40. Qh8+ Ke7 41.
Qh4 Rc4 42. Rg4 Qe3 43. Kg2 Rc6 44. Rxg7 Qe4+ 45. Qxe4+ Rxe4 46. Rg3 Rxd4 47.
Bb5 Re6 48. Rgf3 Rg4+ 49. Kf1 Rg7 50. Bxa4 Ne4 51. Rc2 Kd6 52. Bb5 Ke5 53. Rh2
f5 54. a4 Reg6 55. Ra3 Rg1+ 56. Ke2 Rb1 57. Rah3 Rxb4 58. Kd3 Rc7 59. Rh7 Rc3+
60. Ke2 Ra3 61. Kd1 Kd4 62. R7h4 f4 63. Rc2 Rb1+ 64. Rc1 Nc3+ 0-1

[Event "Serbia ch 2008"]
[Site "Mataruska Banja SRB"]
[Date "2008.03.27"]
[Round "12.5"]
[White "Sedlak, Nikola"]
[Black "Leskur, Dejan"]
[Result "1/2-1/2"]
[WhiteElo "2568"]
[BlackElo "2468"]
[PlyCount "76"]
[EventDate "2008.03.15"]
[EventType "tourn"]
[EventRounds "13"]
[EventCategory "12"]
[Source "lmi"]
[SourceDate "2008.03.15"]

1. e4 d6 2. Nc3 Nf6 3. g3 g6 4. Bg2 Bg7 5. Nge2 O-O 6. O-O c5 7. a3 Nc6 8. Rb1
e5 9. b4 b6 10. d3 Bb7 11. f4 Nd4 12. fxe5 dxe5 13. bxc5 h6 14. cxb6 axb6 15.
Kh1 Kh7 16. Nxd4 exd4 17. Nb5 Bc6 18. Rb4 Bxb5 19. Rxb5 Ra5 20. Rb3 Nd7 21. Bd2
Ra7 22. Rb5 Nc5 23. Qb1 Na4 24. Qb3 Qc7 25. Bf4 Qe7 26. Bh3 Rfa8 27. Qb4 Qe8
28. e5 Nc3 29. Rxb6 Nd5 30. Qxd4 Nxb6 31. Qxb6 Rxa3 32. d4 Qa4 33. Bg2 Ra1 34.
Qb2 Ra7 35. h4 Ra2 36. Qb3 Qxd4 37. Be3 Qxe5 38. Bxa7 Rxa7 1/2-1/2

[Event "Serbia ch 2008"]
[Site "Mataruska Banja SRB"]
[Date "2008.03.27"]
[Round "12.6"]
[White "Vuckovic, Bojan"]
[Black "Pavlovic, Milos M"]
[Result "1-0"]
[WhiteElo "2556"]
[BlackElo "2457"]
[PlyCount "95"]
[EventDate "2008.03.15"]
[EventType "tourn"]
[EventRounds "13"]
[EventCategory "12"]
[Source "lmi"]
[SourceDate "2008.03.15"]

1. e4 e5 2. Nf3 Nc6 3. Bb5 a6 4. Ba4 Nf6 5. O-O Be7 6. Re1 b5 7. Bb3 O-O 8. h3
Bb7 9. d3 d5 10. exd5 Nxd5 11. Nxe5 Nd4 12. Bd2 Nxb3 13. axb3 c5 14. Nc3 Nb4
15. Rc1 f6 16. Nf3 f5 17. Qe2 Bf6 18. Qe6+ Kh8 19. Ne5 Bxe5 20. Qxe5 Rc8 21.
Ne2 Nd5 22. c4 Nf6 23. Nf4 Qd7 24. Qe7 Rfe8 25. Qxd7 Nxd7 26. b4 bxc4 27. dxc4
Kg8 28. b3 Kf7 29. f3 g5 30. Nd3 cxb4 31. Bxb4 Rxe1+ 32. Rxe1 Re8 33. Rd1 Bc6
34. Bc3 Rc8 35. Nb4 Nc5 36. Rd6 Ba8 37. Nxa6 Nxb3 38. Rf6+ Ke7 39. Rb6 Rc6 40.
Rxb3 Rxa6 41. Rb5 Ra4 42. Re5+ Kd7 43. Rxf5 Rxc4 44. Bd2 h6 45. Rf7+ Kc8 46.
Rh7 Rc6 47. Rh8+ Kb7 48. Be3 1-0